000 00784nam a2200193 i 4500
001 88572
003 ES-MaACL
005 20251003063114.0
007 t|
008 050105s1913 sp af |||| | spa d
100 1 _aLampérez y Romea, Vicente,
_d1861-1923
_9128639
245 1 3 _aLa Torre-Nueva de Zaragoza
_b: conferencia publicada en la revista "Arte aragonés", Zaragoza, 1913 /
_cVicente Lampérez y Romea.
260 _aZaragoza :
_b[s.n.],
_c1913.
300 _a[16] p., [1] h. de lám. :
_bil. ;
_c24 cm.
500 _aConferencia dada en el Ateneo de esta ciudad, para conmemorar el IV Centenario de la construcción del monumento, el 19 de abril de 1913.
610 2 4 _aTorre Nueva (Zaragoza)
_9169633
852 _aES-MaACL
_jT-1398-F-4
999 _c88572
_d88572